Score 0/17 Timer 02:00
0 Plays Today
Clue 4-Letter Word % Correct
The red version of this alcohol goes best with red meatWINE
95%
Barely cooked red meat RARE
94.9%
Two of these make a quartPINT
90.3%
Ken, Barbie, or, Skipper, e.g.DOLL
89.2%
What an undercover agent wears to record conversationsWIRE
88.6%
This is between the floor and the ceilingWALL
87.5%
How medium cooked red meat looks insidePINK
86.4%
With [Rung 17], very cooked red meatWELL
86.4%
A clue or push toward an answerHINT
86%
Clue 4-Letter Word % Correct
'The Farmer in the ___'DELL
83.1%
Droop, like old flowersWILT
82.9%
Cartoondom's DisneyWALT
82.8%
With [Rung 13], very cooked red meatDONE
82.2%
Manufactured article or goodWARE
81.7%
Former Senator and GOP VP Candidate BobDOLE
81.6%
Gameshow host icon MartindaleWINK
79.3%
The handle of a daggerHILT
77.8%

Today's Daily Dose

Missing Word
'T' Pairs

Word Ladder
Game Pieces

Get the Picture
Baseball Movies

Remove Ads.
Support Sporcle.
Get the best of Sporcle when you Go Orange. This ad-free experience offers more features, more stats, and more fun while also helping to support Sporcle. Thank you for becoming a member.

You're not logged in!

Compare scores with friends on all Sporcle quizzes.
OR
Log In

Show Comments

Extras

Top Quizzes Today


Score Distribution

Your Account Isn't Verified!

In order to create a playlist on Sporcle, you need to verify the email address you used during registration. Go to your Sporcle Settings to finish the process.

Report this User

Report this user for behavior that violates our Community Guidelines.

Details: